| 000 | 01097nam a22002777a 4500 | ||
|---|---|---|---|
| 999 |
_c65496 _d65496 |
||
| 005 | 20240530110827.0 | ||
| 008 | 190808s2019 ua a g b 000 0 ara d | ||
| 017 |
_a2018/7757 _bمصر. دار الكتب |
||
| 020 | _a9789770532003 | ||
| 040 |
_aEG-CaGPL _cEG-CaGPL |
||
| 082 | 0 | 4 |
_221 _a158.3/ _bج إ |
| 100 | 0 | _aجابر عبدالحميد جابر | |
| 245 | 1 | 2 |
_aالارشاد النفسى : _bالنظرية والتطبيق / _cجابر عبدالحميد جابر، نرمين محمود خليل |
| 250 | _aط.1 | ||
| 260 |
_aالقاهرة : _bمكتبة الانجلو المصرية ، _c2019. |
||
| 300 |
_a424 ص. : _bجداول ؛ _c24 سم. |
||
| 504 | _aيشتمل على ارجاعات ببليوجرافية | ||
| 650 | 0 | 7 |
_2qrmak _aالارشاد النفسى |
| 650 | 0 | 7 |
_2qrmak _aالصحة النفسية |
| 650 | 0 | 7 |
_2qrmak _aاختبارات الشخصية |
| 650 | 0 | 7 |
_2qrmak _aالعلاج النفسى |
| 651 | _2qrmak | ||
| 700 | 0 |
_aنرمين محمود خليل _eمؤلف مشارك |
|
| 942 |
_2ddc _cBK |
||